Naše platební bilance a její metoda přednesl ... dne 17. ledna 1927 v Praze
Salvato in:
| Autore principale: | |
|---|---|
| Natura: | Libro |
| Lingua: | ceco |
| Pubblicazione: |
Praha
Česká společnost národohospod.
1927
|
| Serie: | Sbírka přednášek pořádaných Českou spol. národohospod. v období 1926-27
9 |
| Tags: |
Nessun Tag, puoi essere il primo ad aggiungerne!!
|
MARC
| LEADER | 00000nam a2200000 4500 | ||
|---|---|---|---|
| 001 | c137886 | ||
| 005 | 20230316133155.9 | ||
| 041 | 0 | |a cze | |
| 044 | |a CZ | ||
| 245 | 1 | 0 | |a Naše platební bilance a její metoda |b přednesl ... dne 17. ledna 1927 v Praze |c Pavel Smutný |
| 264 | 1 | |a Praha |b Česká společnost národohospod. |c 1927 | |
| 300 | |a 30 s. | ||
| 490 | 1 | |a Sbírka přednášek pořádaných Českou spol. národohospod. v období 1926-27 |v 9 | |
| 830 | 0 | |a Sbírka přednášek pořádaných Českou spol. národohospod. v období 1926-27 |v 9 | |
| 100 | 1 | |a Smutný, Pavel | |